000 01149nam a22002537a 4500
005 20101028111547.0
008 101028t xxu||||| |||| 00| 0 hin d
010 _aHIN-90925
020 _c65.00
_a9788123757926
035 _aHN-63271
037 _bDBAD / PUB
040 _aDPL
_bHN
082 _a291.2130954
100 _aबंशी, बलदेव
_924013
245 _aसात भारतीय संतः
_cबलदेव बंशी
_bजीवन-दर्शन और संदेश /
260 _aनई दिल्ली
_bनेशनल बुक ट्रस्ट
_c2010
270 _aनेहरू भवन, 5 इंस्टीटयूशनल एरिया, फेज-11, वंसतकुंज
_bनई दिल्ली
_e110070
300 _a182पृ
_c22सेमी (अजिल्द)
650 _91159
700 _924014
700 _924064
942 _2ddc
_cHN
_h291.2130954
_mबंशीब
999 _c48515
_d48515